00739nam a2200205Ia 4500003000400000008004100004020002600045040000800071100003200079245011300111260002500224300001500249365001100264901002100275902003800296903005800334942001200392952011200404999001700516LDD181029s9999 xx 000 0 und d a9780195678475c695.00 cLDD aDharwadkar, Aparna Bhargave 0aTheatres of independancebdrama theory and urban performance in India since 1947cAparna Bhargave Dharwadkar aOxfordbOxfordc2006 axix, 478p. b695.00 a3416b01-11-2006 aUBS7096b01-11-2006cFdUPPALe42 aDiscount-10bReqst by : Bharadwaj,  2ddccBK 00102ddc4070976552aLDDbLDDl7m1o792.095409045 D535Tp059881r2024-09-19s2023-09-15w2018-11-01yBK c76553d76553